Normal view MARC view
  • सगट अ

Entry Personal Name

Number of records used in: 3

001 - CONTROL NUMBER

  • control field: 216641

003 - CONTROL NUMBER IDENTIFIER

  • control field: OSt

005 - DATE AND TIME OF LATEST TRANSACTION

  • control field: 20260205163946.0

008 - FIXED-LENGTH DATA ELEMENTS

  • fixed length control field: 260205|| aca||aabn | a|a d

040 ## - CATALOGING SOURCE

  • Original cataloging agency: OSt
  • Transcribing agency: OSt

100 ## - HEADING--PERSONAL NAME

  • Personal name: सगट अ

670 ## - SOURCE DATA FOUND

  • Source citation: Work cat.: (OSt)370055: सगट अ., अण्णाभाऊ साठे - व्यक्ती आणि वाङ्मय , 2012